| 000 | 02297cam a22004814i 4500 | ||
|---|---|---|---|
| 003 | PE-LiUPU | ||
| 005 | 20250731173052.0 | ||
| 008 | 180307s2016 ne 0 r0 001 0 eng d | ||
| 020 | _a9789004324411 | ||
| 035 | _a(Sirsi) a241426 | ||
| 040 |
_aPE-LiUPU _bspa _cPE-LiUPU _erda |
||
| 049 | _aPRUA | ||
| 082 | 0 | 4 |
_a200.897 _bR3 _223 |
| 245 | 0 | 0 |
_aReligious categories and the construction of the indigenous / _cedited by Christopher Hartney. |
| 264 | 1 |
_aBoston : _bBrill, _c2016. |
|
| 300 |
_a232 páginas ; _c25 centímetros. |
||
| 336 |
_atext _2rdacontent |
||
| 337 |
_aunmediated _2rdamedia |
||
| 338 |
_avolume _2rdacarrier |
||
| 490 | 1 |
_aSupplements to method & theory in the study of religion, _v v7 |
|
| 504 | _aIndice : páginas 229-232. | ||
| 505 | 0 | _aIndigenous Religion: Its Validity and Problematics -- Reflections on Indigeneity and Religion -- Kinship and Location: In Defence of a Narrow Definition of Indigenous Religions -- Against 'Indigenous Religions': A Problematic Category that Reinforces the World Religions Paradigm -- Performing Indigeneity and Performing Guesthood -- You Can't Escape Your Origins: Exegeting the Jukurrpa in Warlpiri Christianity and the Struggle Over Indigeneity -- The Sufism of Iran: Regional Indigeneity and Islamic Mysticism; -- Scales, Translations, and Siding Effects: Uses of indígena and religión in Talamanca and Beyond -- The Long Road Home: Indigenous Assyrian Christians of Iraq and the Politicisation of the Diaspora -- 10 Indigenous or Non-Indigenous: Who Benefits from Narrow Definitions of Religion?. | |
| 526 | _aSEG42 | ||
| 526 | _aSEG41 | ||
| 526 | _aSEG40 | ||
| 526 | _aSEG39 | ||
| 526 | _aP94 | ||
| 526 | _aP87 | ||
| 526 | _aP86 | ||
| 526 | _aP85 | ||
| 526 | _aP77 | ||
| 526 | _aP76 | ||
| 526 | _aP35 | ||
| 650 | 0 | 4 |
_aReligion. _95128 |
| 650 | 0 | 4 |
_aReligión. _95128 |
| 700 | 1 |
_aHartney, Christopher, _eeditor. |
|
| 910 |
_aadbm _bksl _cksl _d20180307 |
||
| 942 |
_2ddc _cBOOK |
||
| 994 |
_aC0 _bPEPRU |
||
| 596 | _a1 | ||
| 999 |
_a200.897 R3 _wLC _c27064 _i78135 _f2021-11-9 _g4 _lCCODEBUL1 _mBUL _p28.00 _r0 _sY _tBOOK _u2018-3-7 _xTEOLOGIA _PP35 _0COMPRA _1FCOMPRA _o.STAFF. Colección Teología _d27064 |
||
| 980 |
_81 _gALBERTO SANCHEZ Responsable de Automatización |
||